00401ngm a22001577a 450000500170000000800410001704100080005808200120006624500670007830000150014565000150016065000150017565000180019065000100020865000250021820220526151633.0150317b xxu||||| |||| 00| 0 spa d aspa a125 DVD aLa Peni: el fin de una vergüenza, de la oscuridad a la luz.  a30 minutos aCÁRCELES aCOSTA RICA aDELINCUENCIA  aPENA  aHISTORIA CARCELARIA